Normal view
MARC view
- Everard, Jeremy
Entry Personal Name
001 - CONTROL NUMBER
- control field: 60720
003 - CONTROL NUMBER IDENTIFIER
- control field: NUST
005 - DATE AND TIME OF LATEST TRANSACTION
- control field: 20210628202618.0
008 - FIXED-LENGTH DATA ELEMENTS
- fixed length control field: 210628|| aca||aabn | a|a d
040 ## - CATALOGING SOURCE
- Original cataloging agency: NUST
- Transcribing agency: NUST
100 ## - HEADING--PERSONAL NAME
- Personal name: Everard, Jeremy
670 ## - SOURCE DATA FOUND
- Source citation: Work cat.: (NUST): Everard, Jeremy, Fundamentals of rf circuit design with low noise oscillators, 2001
